00462nam a22001217a 4500020001600000082001200016100002500028245015200053260003700205300003100242650003700273700003000310 qHard Cover. a620.005 aTalat Nawab Khattack aA study of impact of infrastructure load sharing (host-guest) on the performance of operators in telecom sector of Pakistan /cTalat Nawab Khattack aIslamabad :bCEME - NUST,c2017. axvi, 102p. : ill. ;c30cm. aEngineering Management-MS-Thesis aDr. Tasweer Hussain Syed.